000 00497nam a22001937a 4500
003 OSt
005 20160914145532.0
008 160914b xxu||||| |||| 00| 0 eng d
020 _a0750638246
040 _cDDC,
082 _a005.1SEX 1998
100 _aConor,Sexton;
_911062
245 _aCobol Made Simple.
260 _aOxford
_bHeinemann Publihers.
_c1998.
300 _ax,214p;
_bill;
_c25cm.
504 _aincludes index.
650 _aProgramming Languages.
_910574
942 _2ddc
_cO_SHELF
999 _c5204
_d5204